000 00798cam a22002773a 4500
001 29728
003 PGUSA
005 20140828083637.0
008 090819s2009||||xxu|||||s|||||000 | eng d
040 _aPGUSA
_beng
042 _adc
050 4 _aTX
100 1 _aApicius
245 1 0 _aCookery and Dining in Imperial Rome
_h[electronic resource] /
_cApicius
260 _bProject Gutenberg,
_c2009
506 _aPublic domain in the USA.
516 _aElectronic text
653 _aCooking, Roman -- Early works to 1800
653 _aCookbooks
700 1 _aStarr, Frederick,
_d1858-1933
700 1 _aVehling, Joseph Dommers,
_d1879-1950
740 0 _aDe re coquinaria. English
830 0 _aProject Gutenberg
_v29728
856 4 0 _uhttp://www.gutenberg.org/ebooks/29728
942 _cEB
999 _c258983
_d258983